Statistiche per Città della Regione Pokémon di Kanto nella Mappa

Clicka qui per fare il quiz!

Statistiche generali

  • Questo quiz è stato fatto 262 volte
  • Il punteggio medio è 7 su 11

Risposte nella Mappa

Le risposte nella mappa del quiz sottostante sono codificate secondo una scala di colori dal rosso al verde in base alla % di persone che hanno risposto correttamente.
 

Statistiche sulle risposte

Risposta% Corretto
Altopiano Blu
86%
Isole Cannella
86%
Biancavilla/Pallet
85%
Lavandonia
72%
Plumbeopoli
70%
Celestopoli
62%
Fucsiapoli
61%
Smeraldopoli
58%
Aranciopoli
57%
Azzurropoli
48%
Zafferanopoli
47%

Distribuzione punteggi

Percentile per numero di risposta

Percentuale di utenti per punteggio

I tuoi punteggi nel tempo

Non hai fatto questo quiz